00287nam a2200121Ia 4500008004100000041000900041082001800050100001800068245002200086260004100108300000800149650000800157230718s9999 xx 000 0 und d aEng. a943.08bKAU-I aKausar Rehana 0aIqbal Germony May aPakistanbJamhori Publicationsc2017 a173 aLaw